000 00907nam a22002897a 4500
003 CHAP
005 20220329143815.0
008 110913s1966 us r 00010 eng d
010 _a102108
011 _a103080
035 _a113769
040 _cCHAP
082 0 0 _a330
_bM2 1966
100 0 0 _aMcConnell, Campbell R.
_973414
245 1 0 _aEconomics :
_bprinciples, problems and policies
_cpor Campbell R. McConnell
250 _a3 ed.
260 _aNew York :
_bMcGraw-Hill,
_c1966
300 _axxv, 792 p. :
_bgráfs., tablas
590 _aBATCH-UPD
_b10
_c20130110
_lUCH01
_h0845
590 _aBATCH-UPD
_b10
_c20130410
_lUCH01
_h0519
590 _aBATCH-UPD
_b10
_c20130914
_lUCH01
_h1233
590 _aCONVERSION
_b10
_c20130109
_lUCH01
_h1356
650 1 4 _aEconomía.
_935226
901 _aBK
942 _cLIBRO
949 _a330 M2 1996
_bBC
_cLIBRO
_d33724002310611
_eLIBRO
_gDonaciØn
_h115801
_i113769
_sb
999 _c102108
_d102108